00549nam a2200121 a 450000500170000000800410001702000150005805000240007310000260009724501550012326000950027865000540037320140414132054.0110720s19uu xx 00 eng d a0881664103 aTR 649.64bW97 2002 aWyckoff, Jerry, 1935- aDiscipline without shouting or spanking : practical solutions to the most common preschool behavior problems :bby Jerry Wyckoff and Barbara C. Unell. aDeephaven, MN : Meadowbrook Books ; New York :bDistributed by Simon and Schuster,cc1984. aDiscipline of children --Handbooks, manuals, etc.